000
00280nam a22001337a 4500
008
170804b xxu||||| |||| 00| 0 eng d
020
_a
9780596521677
041
_a
eng
080
_a
004
100
_a
33
101
_a
SHKI
245
_a
IPHONE
_c
POGUE, D
942
_2
udc
_c
BK
999
_c
22663
_d
22663